[Event "GER-ch Net blitz qual4"]
[Site "Playchess.com INT"]
[Date "2020.03.23"]
[Round "3"]
[White "Ullmann, Ralf"]
[Black "Bernath, Markus"]
[Result "1-0"]
[WhiteElo "1768"]
[BlackElo "1542"]
[PlyCount "59"]
[EventDate "2020.03.23"]
[EventType "swiss (blitz)"]
[EventRounds "9"]
[EventCountry "GER"]
[SourceTitle "CBM 195 Extra"]
[Source "ChessBase"]
[SourceDate "2020.05.31"]
[SourceVersion "1"]
[SourceVersionDate "2020.05.31"]
[SourceQuality "1"]

1. e4 e5 2. Nf3 Nc6 3. Bc4 Nf6 4. d3 Bc5 5. c3 d6 6. Bb3 Bb6 7. h3 h6 8. Nbd2 0-0 9. Nf1 Be6 10. Bc2 d5 11. Qe2 dxe4 12. dxe4 Na5 13. Ne3 Bxe3 14. Bxe3 Nc4 15. Bc1 Na5 16. Nxe5 Re8 17. Nf3 Bc4 18. Qe3 Nc6 19. b3 Ba6 20. c4 Nb4 21. Bb1 Re6 22. 0-0 Qe7 23. a3 Nc6 24. Bb2 Nxe4 25. Qf4 Nf6 26. Bf5 Rd6 27. Rfe1 Nh5 28. Qg4 Re8 29. Rxe7 Rxe7 30. Qxh5 1-0

[Event "GER-ch Net blitz qual2"]
[Site "Playchess.com INT"]
[Date "2020.03.16"]
[Round "6"]
[White "Bernath, Markus"]
[Black "Hagenbeck Huebert, Hartmut"]
[Result "0-1"]
[WhiteElo "1542"]
[BlackElo "1620"]
[PlyCount "54"]
[EventDate "2020.03.16"]
[EventType "swiss (blitz)"]
[EventRounds "9"]
[EventCountry "GER"]
[SourceTitle "CBM 195 Extra"]
[Source "ChessBase"]
[SourceDate "2020.05.31"]
[SourceVersion "1"]
[SourceVersionDate "2020.05.31"]
[SourceQuality "1"]

1. e4 e5 2. Nf3 Nc6 3. Bc4 Nf6 4. d3 Bc5 5. c3 Bb6 6. Bg5 d6 7. Nbd2 0-0 8. 0-0 Be6 9. Bxe6 fxe6 10. Nb3 h6 11. Bh4 d5 12. exd5 exd5 13. d4 e4 14. Ne5 Qd6 15. Nxc6 Qxc6 16. f3 Rae8 17. fxe4 Nxe4 18. Qg4 Qe6 19. Rxf8+ Kxf8 20. Rf1+ Kg8 21. Qxe6+ Rxe6 22. Nc1 c6 23. Nd3 Bc7 24. b4 b6 25. Rf5 Nxc3 26. Ne5 Ne2+ 27. Kf2 Nxd4 0-1

[Event "GER-ch Net blitz qual1"]
[Site "Playchess.com INT"]
[Date "2020.03.07"]
[Round "5"]
[White "Brettner, Simeon"]
[Black "Bernath, Markus"]
[Result "0-1"]
[WhiteElo "1504"]
[BlackElo "1542"]
[PlyCount "44"]
[EventDate "2020.03.07"]
[EventType "swiss (blitz)"]
[EventRounds "9"]
[EventCountry "GER"]
[SourceTitle "CBM 195 Extra"]
[Source "ChessBase"]
[SourceDate "2020.05.31"]
[SourceVersion "1"]
[SourceVersionDate "2020.05.31"]
[SourceQuality "1"]

1. e4 e5 2. Bc4 Nf6 3. Nf3 Nc6 4. 0-0 Bc5 5. c3 d6 6. d3 Bg4 7. Be3 Bxe3 8. fxe3 Qd7 9. Nbd2 0-0-0 10. d4 Bxf3 11. Rxf3 exd4 12. exd4 d5 13. exd5 Nxd5 14. Qb3 Rhf8 15. Raf1 Nf6 16. Qa4 Kb8 17. Bb5 Qd5 18. Rf5 Qe6 19. c4 Qe3+ 20. Kh1 Qxd2 21. Bxc6 bxc6 22. Qxc6 Rxd4 0-1